|
|
|
|
| LEADER |
01055nam a2200325 4500 |
| 001 |
000993951 |
| 003 |
CZ BrMZK |
| 005 |
20201026090051.0 |
| 008 |
010825s2000 gw e p ger |
| 020 |
|
|
|a 3-19-011628-8
|
| 040 |
|
|
|a BOA001
|b cze
|
| 072 |
|
7 |
|a 811.112.2
|x Němčina
|2 Konspekt
|9 11
|
| 072 |
|
7 |
|a 37.016
|x Učební osnovy. Vyučovací předměty. Učebnice
|2 Konspekt
|9 22
|
| 080 |
|
|
|a 811.112.2
|2 MRF
|
| 080 |
|
|
|a (075)
|2 MRF
|
| 080 |
|
|
|a (076.1)
|2 MRF
|
| 100 |
1 |
|
|a Orth-Chambah, Jutta
|7 pna2007397412
|
| 245 |
1 |
0 |
|a em Abschlusskurs :
|b Deutsch als Fremdsprache für die Mittelstufe : Arbeitsbuch
|
| 250 |
|
|
|a 2 Aufl.
|
| 260 |
|
|
|a Ismaning :
|b Max Hueber,
|c 2000
|
| 300 |
|
|
|a 128 s.
|
| 500 |
|
|
|a + 2 Audiokassetten, Kursbuch und Lehrerhandbuch
|
| 541 |
|
|
|a 10.1.2002
|
| 650 |
0 |
7 |
|a němčina
|7 ph115512
|2 czenas
|
| 655 |
|
7 |
|a učebnice
|7 fd133770
|2 czenas
|
| 655 |
|
7 |
|a pracovní sešity
|7 fd133116
|2 czenas
|
| 700 |
1 |
|
|a Perlmann-Balme, Michaela
|7 xx0024089
|
| 910 |
|
|
|a BOA001
|b NK-0003.921,Arbeitsbuch
|
| 990 |
|
|
|a BK
|
| 991 |
|
|
|z 000042517
|x 44
|